| 000 | 01279cam a2200337 a 4500 | ||
|---|---|---|---|
| 001 | 16754155 | ||
| 003 | OSt | ||
| 005 | 20180116192410.0 | ||
| 008 | 110428s2012 njua 001 0 eng | ||
| 010 | _a 2011018345 | ||
| 020 | _a9781118014752 (alk. paper) | ||
| 020 | _a1118014758 (alk. paper) | ||
| 035 | _a(OCoLC)ocn725296571 | ||
| 040 |
_aDLC _cDLC _dYDX _dBTCTA _dVP@ _dYDXCP _dDLC |
||
| 042 | _apcc | ||
| 050 | 0 | 0 |
_aTH6031 _b.L43 2012 |
| 082 | 0 | 0 |
_a696 _223 |
| 100 | 1 |
_aLechner, Norbert. _95849 |
|
| 245 | 1 | 0 |
_aPlumbing, electricity, acoustics : _bsustainable design methods for architecture / _cNorbert Lechner. |
| 260 |
_aHoboken, N.J. : _bJohn Wiley & Sons, _cc2012. |
||
| 300 |
_axi, 289 p. : _bill. ; _c29 cm. |
||
| 500 | _aIncludes index. | ||
| 650 | 0 |
_aBuildings _xEnvironmental engineering. _95850 |
|
| 650 | 0 |
_aBuildings _xElectric equipment _xDesign and construction. _95851 |
|
| 650 | 0 |
_aSustainable buildings _xDesign and construction. _95852 |
|
| 906 |
_a7 _bcbc _corignew _d1 _eecip _f20 _gy-gencatlg |
||
| 942 |
_2ddc _cBK |
||
| 999 |
_c353533 _d353533 |
||